Statistics for Countries Bordering Two or More Oceans

Click here to take the quiz!

General Stats

  • This quiz has been taken 105,909 times
    (56,125 since last reset)
  • The average score is 18 of 22

Answer Stats

Ocean #1Ocean #2Ocean #3Country% Correct
ArcticAtlanticPacificUnited States
99%
ArcticAtlanticPacificCanada
97%
ArcticAtlantic
Baltic Sea
PacificRussia
94%
Atlantic
Caribbean, Gulf of Mexico
PacificMexico
93%
IndianPacificAustralia
90%
Atlantic
Caribbean Sea
PacificPanama
89%
IndianPacificIndonesia
88%
Arctic
Barents Sea
Atlantic
Norwegian Sea
Norway
85%
AtlanticIndianSouth Africa
85%
Atlantic
Caribbean Sea
PacificCosta Rica
82%
Atlantic
Caribbean Sea
PacificNicaragua
82%
AtlanticPacific
Straits of Magellan
Argentina
79%
Atlantic
Caribbean Sea
PacificGuatemala
79%
Indian
Andaman Sea
Pacific
Gulf of Thailand
Thailand
79%
Atlantic
Straits of Magellan
PacificChile
78%
Atlantic
Caribbean Sea
Pacific
Gulf of Fonseca
Honduras
77%
Indian
Andaman Sea
Pacific
South China Sea
Malaysia
75%
Atlantic
Caribbean Sea
PacificColombia
74%
Atlantic
Mediterranean Sea
Indian
Red Sea
Egypt
74%
Indian
Timor Sea
Pacific
Flores Sea
East Timor
60%
AtlanticIndianPacificFrance
52%
Atlantic
Mediterranean Sea
Indian
Gulf of Aqaba
Israel
52%

Score Distribution

Percentile by Number Answered

Percent of People with Each Score

Your Score History

You have not taken this quiz since the last reset